County Seats Of New Jersey - Statistics

General Stats
  • This quiz has been taken 166 times
  • The average score is 13 of 21
Answer Stats
County Seat % Correct
Essex Newark
77%
Hudson Jersey City
75%
Mercer Trenton
75%
____ ___ Cape May Court House
74%
______ Camden
72%
Morris Morristown
68%
_____ Salem
68%
Bergen Hackensack
66%
Middlesex New Brunswick
66%
Passaic Paterson
66%
Union Elizabeth
64%
Atlantic Mays Landing
62%
Ocean Toms River
58%
Burlington Mount Holly
57%
Somerset Somerville
57%
Hunterdon Flemington
51%
Monmouth Freehold Borough
51%
Warren Belvidere
49%
Cumberland Bridgeton
49%
Sussex Newton
49%
Gloucester Woodbury
40%
No matching quizzes found
Score Distribution
Percent of People with Each Score
Percentile by Number Answered
Your Score History
You have not taken this quiz